The Republic of México in 1876 (Record no. 2680)

MARC details
000 -CABECERA
campo de control de longitud fija 00738nam a2200193 a 4500
001 - NÚMERO DE CONTROL
campo de control BRCA_2941
005 - FECHA Y HORA DE LA ÚLTIMA TRANSACCIÓN
campo de control 20190320204034.0
008 - DATOS DE LONGITUD FIJA--INFORMACIÓN GENERAL
campo de control de longitud fija 161208s1876----mx-a---###---#000-0#eng-u
050 #4 - SIGNATURA TOPOGRÁFICA DE LA BIBLIOTECA DEL CONGRESO
Número de clasificación F1208
Número de documento/Ítem .G37 1876
100 1# - ENTRADA PRINCIPAL--NOMBRE DE PERSONA
Nombre de persona García Cubas, Antonio
Fechas asociadas al nombre 1832-1912
9 (RLIN) 8182
245 10 - MENCIÓN DE TÍTULO
Título The Republic of México in 1876
Resto del título a political and ethnographical division of the population, character, habits, costumes and vocations of its, inhabitants
Mención de responsabilidad, etc. written in Spanish by Antonio García Cubas ; tr. by George F. Henderson.
260 ## - PUBLICACIÓN, DISTRIBUCIÓN, ETC.
Lugar de publicación, distribución, etc. México
Nombre del editor, distribuidor, etc. La Enseñanza
Fecha de publicación, distribución, etc. 1876
300 ## - DESCRIPCIÓN FÍSICA
Extensión 130 p.
Otras características físicas il., 8 láminas
Dimensiones 26 cm.
500 ## - NOTA GENERAL
Nota general B65
650 14 - PUNTO DE ACCESO ADICIONAL DE MATERIA--TÉRMINO DE MATERIA
Término de materia o nombre geográfico como elemento de entrada Indígenas de México
9 (RLIN) 4678
700 1# - PUNTO DE ACCESO ADICIONAL--NOMBRE DE PERSONA
Nombre de persona Henderson, George F.
Término indicativo de función/relación tr
9 (RLIN) 8183
902 ## - CATALOGADOR
Iniciales GFM
942 ## - ELEMENTOS DE PUNTO DE ACCESO ADICIONAL (KOHA)
Fuente del sistema de clasificación o colocación Library of Congress Classification
Tipo de ítem Koha Libros
Holdings
Estado de retiro Estado de pérdida Estado dañado No para préstamo Localización permanente Ubicación/localización actual Fecha de adquisición Número de inventario Total de préstamos Signatura topográfica completa Código de barras Fecha visto por última vez Precio válido a partir de Tipo de ítem Koha
El ejemplar forma parte de la colección y puede ser consultado según las políticas vigentes.       Biblioteca del Museo Franz Mayer (Rogerio Casas-Alatriste) Biblioteca del Museo Franz Mayer (Rogerio Casas-Alatriste) 16/12/2008 B65   F1208 .G37 1876 (B65) 2938 22/03/2019 22/03/2019 Libros